000 00254nam a2200097Ia 4500
008 240331s9999 xx 000 0 und d
082 _bPOO
100 _aPoonacha,V
245 0 _aFrom the land of thousand hills :
_bportraits of three kodagu women
942 _cL
999 _c1689
_d1689